Elements of company law (Record no. 6278)

MARC details
000 -LEADER
fixed length control field 00651 a2200229 4500
003 - CONTROL NUMBER IDENTIFIER
control field dpl
005 - DATE AND TIME OF LATEST TRANSACTION
control field 20180803124024.0
008 - FIXED-LENGTH DATA ELEMENTS--GENERAL INFORMATION
fixed length control field 080826t xxu||||| |||| 00| 0 eng d
010 ## - LIBRARY OF CONGRESS CONTROL NUMBER
LC control number ENG-87212
020 ## - INTERNATIONAL STANDARD BOOK NUMBER
International Standard Book Number 8180545563
Terms of availability 225.00
035 ## - SYSTEM CONTROL NUMBER
System control number EN-70745, B-109000
037 ## - SOURCE OF ACQUISITION
Source of stock number/acquisition DBAD / PUB
040 ## - CATALOGING SOURCE
Transcribing agency 0
082 ## - DEWEY DECIMAL CLASSIFICATION NUMBER
Classification number 346.54066
100 ## - MAIN ENTRY--PERSONAL NAME
Personal name Kapoor, N.D.
245 ## - TITLE STATEMENT
Title Elements of company law
Statement of responsibility, etc by N.D. Kapoor
250 ## - EDITION STATEMENT
Edition statement 28th edn.
260 ## - PUBLICATION, DISTRIBUTION, ETC. (IMPRINT)
Place of publication, distribution, etc New Delhi
Name of publisher, distributor, etc Sultan Chand
Date of publication, distribution, etc 2007
270 ## - ADDRESS
Address 23, Daryaganj
City New Delhi
Postal code 110 002.
300 ## - PHYSICAL DESCRIPTION
Extent xiv, 570 p.
Dimensions 24 cm (pbk)
942 ## - ADDED ENTRY ELEMENTS (KOHA)
Institution code [OBSOLETE] dpl
Koha item type English Books
Call number prefix 346.54066/ KAP
Source of classification or shelving scheme Dewey Decimal Classification
Classification part 346.54066
Call number suffix KAP
Holdings
Withdrawn status Lost status Damaged status Not for loan Home library Current library Date acquired Cost, normal purchase price Total Checkouts Full call number Barcode Date last seen Copy number Uniform Resource Identifier Cost, replacement price Price effective from Koha item type
        D.B.Act.Division D.B.Act.Division 26/08/2008 225.00   346.54066 KAP EN-70745 15/09/2008 1 6758 225.00 15/09/2008 English Books

© Delhi Public Library
Hit Counter
free hit counter